Joint Fao/Who/Oie expert meeting on critically important antimicrobials : Report of the Fao/Who/Oie Expert Meeting FAO Headquarters, Rome 26-30 November 2007
The designations employed and the presentation of material in this information product do not imply the expression of any opinion whatsoever on the part of the Food and Agriculture Organization of the united nations (FAO) concerning the legal or development status of any country, territory, city or...
Enregistré dans:
| Collectivité auteur: | |
|---|---|
| Format: | Livre |
| Langue: | Undetermined |
| Publié: |
Rome
Food and Agriculture Organization of the United Nations
2008
|
| Sujets: | |
| Tags: |
Ajouter un tag
Pas de tags, Soyez le premier à ajouter un tag!
|
| Thư viện lưu trữ: | Trung tâm Học liệu Trường Đại học Cần Thơ |
|---|
| LEADER | 01237nam a2200217Ia 4500 | ||
|---|---|---|---|
| 001 | CTU_172925 | ||
| 008 | 210402s9999 xx 000 0 und d | ||
| 020 | |c 20 | ||
| 082 | |a 615 | ||
| 082 | |b F686 | ||
| 110 | |a Food and Agriculture Organization of the United Nations | ||
| 245 | 0 | |a Joint Fao/Who/Oie expert meeting on critically important antimicrobials : | |
| 245 | 0 | |b Report of the Fao/Who/Oie Expert Meeting FAO Headquarters, Rome 26-30 November 2007 | |
| 245 | 0 | |c Food and Agriculture Organization of the United nations, World Health Organization | |
| 260 | |a Rome | ||
| 260 | |b Food and Agriculture Organization of the United Nations | ||
| 260 | |c 2008 | ||
| 520 | |a The designations employed and the presentation of material in this information product do not imply the expression of any opinion whatsoever on the part of the Food and Agriculture Organization of the united nations (FAO) concerning the legal or development status of any country, territory, city or area or of its authorities, or concerning the delimitation of its frontiers or boundaries. | ||
| 650 | |a Antimicrobial chemotherapy series,Hoá trị liệu kháng sinh | ||
| 904 | |i Tho, K.Mi | ||
| 980 | |a Trung tâm Học liệu Trường Đại học Cần Thơ | ||